[Event "BRA-ch U18"]
[Site "Itajai"]
[Date "2017.06.01"]
[Round "1"]
[White "Prado, Lucas Muller"]
[Black "Da Silva Junior, Marco Aurelio"]
[Result "1/2-1/2"]
[WhiteElo "1911"]
[BlackElo "1712"]
[PlyCount "64"]
[EventDate "2017.06.01"]
[EventType "swiss"]
[EventRounds "6"]
[EventCountry "BRA"]
[SourceTitle "CBM 179 Extra"]
[Source "ChessBase"]
[SourceDate "2017.08.23"]
[SourceVersion "1"]
[SourceVersionDate "2017.08.23"]
[SourceQuality "1"]

1. e4 c5 2. Nf3 e6 3. d4 cxd4 4. Nxd4 a6 5. Nc3 Nc6 6. Be3 Nf6 7. Bd3 Be7 8. 0-0 0-0 9. Qe2 Ne5 10. h3 b5 11. f4 Nxd3 12. Qxd3 Bb7 13. a3 Qc7 14. Rad1 Rfd8 15. Rfe1 Rac8 16. e5 Nd5 17. Ne4 Nxe3 18. Qxe3 Bxe4 19. Qxe4 Bc5 20. c3 d5 21. Qe2 Bb6 22. Kh1 Qc4 23. Qg4 Qc5 24. h4 Qe7 25. Re3 Bxd4 26. Rxd4 Rc4 27. Rg3 f5 28. exf6 Qxf6 29. Rgd3 Rdc8 30. Qg5 Qxg5 31. hxg5 Rxd4 32. Rxd4 Rc4 1/2-1/2

[Event "Curitiba IEP&Copel op"]
[Site "Curitiba"]
[Date "2017.05.12"]
[Round "1"]
[White "Prado, Lucas Muller"]
[Black "Umetsubo, Cesar Hidemitsu"]
[Result "0-1"]
[WhiteElo "1822"]
[BlackElo "2390"]
[PlyCount "66"]
[EventDate "2017.05.12"]
[EventType "swiss"]
[EventRounds "6"]
[EventCountry "BRA"]
[SourceTitle "CBM 178 Extra"]
[Source "ChessBase"]
[SourceDate "2017.06.22"]
[SourceVersion "1"]
[SourceVersionDate "2017.06.22"]
[SourceQuality "1"]

1. e4 c5 2. Nf3 a6 3. d4 cxd4 4. Nxd4 Nf6 5. Nc3 e5 6. Nf3 Bb4 7. Bd2 d6 8. Bd3 Nbd7 9. 0-0 Nc5 10. Qe2 0-0 11. h3 b5 12. Rad1 Bb7 13. Bg5 Bxc3 14. bxc3 h6 15. Bxf6 Qxf6 16. Nh2 Na4 17. Qd2 Rac8 18. f4 exf4 19. Ng4 Qg5 20. Rxf4 Nxc3 21. Rdf1 Nxe4 22. Bxe4 Bxe4 23. Qxd6 Qd5 24. Nf6+ gxf6 25. Rg4+ Kh7 26. Qxf6 Bg6 27. Kh1 Rg8 28. Rh4 Rxc2 29. Rf3 Rc4 30. Rff4 Qd8 31. Qxa6 Qxh4 32. Rxh4 Rxh4 33. Qf6 Rxh3+ 0-1

[Event "BRA-ch U18"]
[Site "Itajai"]
[Date "2016.06.11"]
[Round "5"]
[White "Borges, Leonardo Fernandes"]
[Black "Prado, Lucas Muller"]
[Result "0-1"]
[WhiteElo "1855"]
[BlackElo "1796"]
[PlyCount "52"]
[EventDate "2016.06.09"]
[EventType "swiss"]
[EventRounds "6"]
[EventCountry "BRA"]
[SourceTitle "CBM 172 Extra"]
[Source "ChessBase"]
[SourceDate "2016.06.21"]
[SourceVersion "1"]
[SourceVersionDate "2016.06.21"]
[SourceQuality "1"]

1. e4 c5 2. Nc3 Nc6 3. f4 e6 4. Nf3 Nge7 5. g3 d5 6. Bg2 g6 7. 0-0 Bg7 8. d3 0-0 9. Kh1 a6 10. a4 Rb8 11. Ne2 b5 12. axb5 axb5 13. e5 d4 14. Ng5 Bb7 15. Ne4 Qb6 16. g4 f5 17. exf6 Bxf6 18. Nxf6+ Rxf6 19. Ng3 Nb4 20. Ne4 Rf7 21. Bd2 Ned5 22. Ng5 Rf6 23. Be4 Rbf8 24. c3 Nxd3 25. f5 exf5 26. gxf5 Rxf5 0-1

[Event "Florianopolis op 2nd"]
[Site "Florianopolis"]
[Date "2016.01.16"]
[Round "1"]
[White "Pires, Marcos Vinicius Tor"]
[Black "Prado, Lucas Muller"]
[Result "1-0"]
[WhiteElo "2262"]
[BlackElo "1756"]
[PlyCount "51"]
[EventDate "2016.01.16"]
[EventType "swiss"]
[EventRounds "10"]
[EventCountry "BRA"]
[SourceTitle "CBM 170 Extra"]
[Source "ChessBase"]
[SourceDate "2016.02.25"]
[SourceVersion "1"]
[SourceVersionDate "2016.02.25"]
[SourceQuality "1"]

1. Nf3 Nf6 2. c4 g6 3. b3 Bg7 4. Bb2 0-0 5. g3 c5 6. Bg2 Nc6 7. 0-0 d6 8. d4 cxd4 9. Nxd4 Qc7 10. Nc3 Nxd4 11. Qxd4 Be6 12. Rac1 Rfc8 13. Rfd1 a6 14. a3 Rab8 15. Nd5 Bxd5 16. cxd5 Qd7 17. Qd3 b5 18. Rc6 Qb7 19. Rdc1 Rxc6 20. dxc6 Qc7 21. Bc3 Ng4 22. Bxg7 Kxg7 23. Qd4+ Nf6 24. e4 Rb6 25. Qxb6 Qxb6 26. c7 1-0

[Event "Florianopolis Cordioli Memorial"]
[Site "Florianopolis"]
[Date "2015.07.05"]
[Round "7"]
[White "Ikeda, Vinicius Yasuto"]
[Black "Prado, Lucas Muller"]
[Result "1-0"]
[WhiteElo "1892"]
[BlackElo "1692"]
[PlyCount "75"]
[EventDate "2015.07.03"]
[EventType "swiss"]
[EventRounds "7"]
[EventCountry "BRA"]
[SourceTitle "EXT 2016"]
[Source "ChessBase"]
[SourceDate "2015.10.08"]
[SourceVersion "1"]
[SourceVersionDate "2015.10.08"]
[SourceQuality "1"]

1. d4 Nf6 2. c4 g6 3. Nc3 Bg7 4. e4 d6 5. Nf3 0-0 6. Be2 e5 7. 0-0 Nc6 8. d5 Ne7 9. a3 a5 10. Bd2 Nd7 11. b4 axb4 12. axb4 Rxa1 13. Qxa1 f5 14. Qa3 Nf6 15. exf5 gxf5 16. Qb3 Kh8 17. Ra1 e4 18. Ng5 h6 19. Nh3 Ng6 20. Nf4 Nxf4 21. Bxf4 Nd7 22. Ra8 Ne5 23. Nb5 Qe7 24. Qh3 Nf7 25. Qe3 c6 26. dxc6 bxc6 27. Nc3 Qf6 28. Nd1 Be6 29. Ra6 Bd7 30. h3 Ne5 31. b5 cxb5 32. cxb5 Re8 33. Qa7 Rd8 34. Qc7 Rc8 35. Qxd6 Qxd6 36. Rxd6 Rc7 37. b6 Rc2 38. b7 1-0

[Event "Florianopolis Cordioli Memorial"]
[Site "Florianopolis"]
[Date "2015.07.04"]
[Round "5.18"]
[White "Silva, Jurandir Chuchene"]
[Black "Prado, Lucas Muller"]
[Result "1/2-1/2"]
[WhiteElo "1896"]
[BlackElo "1692"]
[PlyCount "33"]
[EventDate "2015.07.03"]
[EventType "swiss"]
[EventRounds "7"]
[EventCountry "BRA"]
[SourceTitle "EXT 2022"]
[Source "ChessBase"]
[SourceDate "2021.10.06"]
[SourceVersion "1"]
[SourceVersionDate "2021.10.06"]
[SourceQuality "1"]

1. d4 Nf6 2. Nf3 e6 3. Bf4 c5 4. e3 Nc6 5. c3 d5 6. Bd3 Bd6 7. Bxd6 Qxd6 8. Nbd2 e5 9. dxe5 Nxe5 10. Nxe5 Qxe5 11. Nf3 Qc7 12. 0-0 0-0 13. h3 Bd7 14. Re1 Bc6 15. Rc1 Rad8 16. b4 b6 17. Be2 1/2-1/2

[Event "Florianopolis op"]
[Site "Florianopolis"]
[Date "2015.01.14"]
[Round "1"]
[White "Starke, Bruno Orlando"]
[Black "Prado, Lucas Muller"]
[Result "1-0"]
[WhiteElo "2103"]
[BlackElo "1647"]
[PlyCount "99"]
[EventDate "2015.01.14"]
[EventType "swiss"]
[EventRounds "10"]
[EventCountry "BRA"]
[SourceTitle "CBM 164 Extra"]
[Source "ChessBase"]
[SourceDate "2015.03.02"]
[SourceVersion "1"]
[SourceVersionDate "2015.03.02"]
[SourceQuality "1"]

1. d4 Nf6 2. c4 g6 3. Nf3 Bg7 4. g3 0-0 5. Bg2 d5 6. cxd5 Nxd5 7. 0-0 c6 8. e4 Nb6 9. Qc2 Bg4 10. Ne5 Bxe5 11. dxe5 Qd4 12. h3 Be6 13. Qc3 Qxc3 14. Nxc3 N8d7 15. f4 Rfd8 16. b3 Nc5 17. Ba3 Rd3 18. Rac1 Na6 19. f5 gxf5 20. exf5 Bd5 21. Nxd5 Nxd5 22. Rfe1 Nac7 23. Kf2 Rd2+ 24. Re2 Rxe2+ 25. Kxe2 Rd8 26. Rc4 Nb5 27. Bb2 Kh8 28. a4 Nbc7 29. Rh4 Re8 30. Kf2 Rd8 31. Ke2 Rf8 32. Kf2 f6 33. exf6 exf6 34. Re4 Kg7 35. g4 Kf7 36. Bf1 Re8 37. Rxe8 Nxe8 38. Bc4 Nd6 39. Bxd5+ cxd5 40. Ke3 Ne4 41. Ba3 Ke8 42. Kd4 Kd7 43. Kxd5 Nf2 44. Bc5 Nxh3 45. Bxa7 Ng5 46. Bd4 Ke7 47. b4 Nf3 48. b5 Nh2 49. a5 Nxg4 50. a6 1-0

[Event "Fraiburgo Alvino Memorial 3rd"]
[Site "Fraiburgo"]
[Date "2013.07.21"]
[Round "6"]
[White "Prado, Lucas Muller"]
[Black "Kammer, Leticia Hobold"]
[Result "1-0"]
[WhiteElo "1651"]
[BlackElo "1811"]
[PlyCount "49"]
[EventDate "2013.07.19"]
[EventType "swiss"]
[EventRounds "6"]
[EventCountry "BRA"]
[SourceTitle "CBM 155 Extra"]
[Source "ChessBase"]
[SourceDate "2013.08.26"]
[SourceVersion "1"]
[SourceVersionDate "2013.08.26"]
[SourceQuality "1"]

1. e4 e5 2. Nf3 Nc6 3. Bc4 Bc5 4. c3 Nf6 5. d4 exd4 6. cxd4 Bb4+ 7. Nc3 d5 8. exd5 Nxd5 9. 0-0 Bxc3 10. bxc3 0-0 11. Re1 Bg4 12. Bd2 Qd7 13. Rb1 b6 14. Bb5 Qd6 15. Bd3 Nce7 16. Bxh7+ Kxh7 17. Ng5+ Kg8 18. Qxg4 Nf6 19. Qh3 Ng6 20. Rb5 Rfe8 21. Rbb1 Qd7 22. Qxd7 Nxd7 23. Nh3 Rad8 24. Nf4 Nh4 25. Nd3 1-0

[Event "Fraiburgo Alvino Memorial 3rd"]
[Site "Fraiburgo"]
[Date "2013.07.20"]
[Round "4"]
[White "Prado, Lucas Muller"]
[Black "Varela, Andre Severino"]
[Result "0-1"]
[WhiteElo "1651"]
[BlackElo "1814"]
[PlyCount "66"]
[EventDate "2013.07.19"]
[EventType "swiss"]
[EventRounds "6"]
[EventCountry "BRA"]
[SourceTitle "CBM 155 Extra"]
[Source "ChessBase"]
[SourceDate "2013.08.26"]
[SourceVersion "1"]
[SourceVersionDate "2013.08.26"]
[SourceQuality "1"]

1. e4 e6 2. d4 d5 3. Nc3 Nf6 4. e5 Nfd7 5. f4 c5 6. Nf3 Nc6 7. Be3 Be7 8. Qd2 a6 9. 0-0-0 0-0 10. g4 b5 11. f5 cxd4 12. Bxd4 Nxd4 13. Qxd4 Qb6 14. Qd2 Bb7 15. Bd3 Nc5 16. Ng5 h6 17. h4 Rad8 18. f6 gxf6 19. Nh7 Nxd3+ 20. Qxd3 fxe5 21. Nxf8 Bxf8 22. g5 Qd4 23. Qxd4 exd4 24. Rxd4 Bg7 25. Rg4 h5 26. Rf4 Be5 27. Rf2 d4 28. Re1 Bg3 29. Ne4 Bxe4 30. Rxe4 Bxf2 31. Kd2 Be3+ 32. Kd3 Rd5 33. g6 Rf5 0-1

[Event "Catarinense-ch U20"]
[Site "Concordia"]
[Date "2013.05.19"]
[Round "6"]
[White "Prado, Lucas Muller"]
[Black "Varela, Andre Severino"]
[Result "1/2-1/2"]
[WhiteElo "1660"]
[BlackElo "1838"]
[PlyCount "60"]
[EventDate "2013.05.17"]
[EventType "swiss"]
[EventRounds "6"]
[EventCountry "BRA"]
[SourceTitle "EXT 2015"]
[Source "ChessBase"]
[SourceDate "2014.11.20"]
[SourceVersion "1"]
[SourceVersionDate "2014.11.20"]
[SourceQuality "1"]

1. e4 e6 2. d3 d5 3. Nd2 Nf6 4. g3 b6 5. Bg2 Bb7 6. e5 Nfd7 7. Ngf3 c5 8. 0-0 Nc6 9. Re1 Qc7 10. Qe2 Be7 11. Nf1 0-0 12. h4 Rfd8 13. N1h2 Rac8 14. Ng4 Nd4 15. Qd1 Nxf3+ 16. Qxf3 h5 17. Nh2 Nxe5 18. Qxh5 Ng6 19. Bh3 Nf8 20. Nf3 d4 21. Ne5 Bf6 22. Ng4 Be7 23. Bf4 Bd6 24. Ne5 Bxe5 25. Bxe5 Qc6 26. Kh2 Qf3 27. Qxf3 Bxf3 28. g4 Ng6 29. Bg3 Ne7 30. g5 Re8 1/2-1/2

[Event "Catarinense-ch sf3"]
[Site "Fraiburgo"]
[Date "2012.11.25"]
[Round "5.5"]
[White "Florianovitz, Derlei Alex"]
[Black "Prado, Lucas Muller"]
[Result "1-0"]
[WhiteElo "2050"]
[BlackElo "1639"]
[PlyCount "57"]
[EventDate "2012.11.23"]
[EventType "swiss"]
[EventRounds "6"]
[EventCountry "BRA"]
[SourceTitle "EXT 2022"]
[Source "ChessBase"]
[SourceDate "2021.10.06"]
[SourceVersion "1"]
[SourceVersionDate "2021.10.06"]
[SourceQuality "1"]

1. e4 c5 2. Nc3 d6 3. g3 a6 4. Bg2 e6 5. d3 b5 6. f4 Bb7 7. Nf3 Nf6 8. 0-0 d5 9. exd5 exd5 10. Ne5 Be7 11. g4 Nc6 12. g5 Nxe5 13. gxf6 Bxf6 14. fxe5 Bxe5 15. Qe1 Qd6 16. Bf4 f6 17. Bxe5 fxe5 18. Rf5 0-0-0 19. Qxe5 Qxe5 20. Rxe5 Rhe8 21. Rae1 Rxe5 22. Rxe5 b4 23. Nxd5 Bxd5 24. Bxd5 Kc7 25. Be4 Kb6 26. Bxh7 a5 27. Be4 Rd7 28. Re6+ Ka7 29. Rc6 1-0

[Event "BRA-ch U14"]
[Site "Rio de Janeiro"]
[Date "2012.05.11"]
[Round "2"]
[White "Prado, Lucas Muller"]
[Black "De Souza Andrade, Artur Diego"]
[Result "1-0"]
[WhiteElo "1810"]
[BlackElo "1781"]
[PlyCount "67"]
[EventDate "2012.05.11"]
[EventType "swiss"]
[EventRounds "6"]
[EventCountry "BRA"]
[SourceTitle "CBM 148 Extra"]
[Source "ChessBase"]
[SourceDate "2012.06.22"]
[SourceVersion "1"]
[SourceVersionDate "2012.06.22"]
[SourceQuality "1"]

1. e4 d6 2. d4 g6 3. Nc3 Bg7 4. f4 c6 5. Nf3 Bg4 6. Be2 Nf6 7. h3 Bxf3 8. Bxf3 0-0 9. h4 Nbd7 10. h5 Qc7 11. hxg6 fxg6 12. g4 c5 13. d5 Qa5 14. Qe2 Nxd5 15. exd5 Bxc3+ 16. Kf1 Bg7 17. Qe6+ Rf7 18. Qxd7 e5 19. Qxd6 exf4 20. Qe6 Qb5+ 21. Qe2 Qxe2+ 22. Kxe2 Re8+ 23. Kf2 b6 24. c3 b5 25. Bd2 a5 26. Rae1 Rd8 27. b3 b4 28. c4 Bd4+ 29. Kg2 Ra8 30. d6 Rd8 31. Bd5 f3+ 32. Kf1 f2 33. Re7 Rd7 34. Rxd7 1-0

[Event "BRA-ch U14"]
[Site "Rio de Janeiro"]
[Date "2012.05.11"]
[Round "1"]
[White "Takeda, Lucas Koji"]
[Black "Prado, Lucas Muller"]
[Result "1-0"]
[WhiteElo "1902"]
[BlackElo "1810"]
[PlyCount "89"]
[EventDate "2012.05.11"]
[EventType "swiss"]
[EventRounds "6"]
[EventCountry "BRA"]
[SourceTitle "CBM 148 Extra"]
[Source "ChessBase"]
[SourceDate "2012.06.22"]
[SourceVersion "1"]
[SourceVersionDate "2012.06.22"]
[SourceQuality "1"]

1. d4 f5 2. Nf3 Nf6 3. c4 g6 4. Nc3 Bg7 5. e3 d6 6. Be2 0-0 7. b3 Re8 8. Bb2 Nbd7 9. Qc2 e5 10. dxe5 Nxe5 11. 0-0 Bd7 12. Rad1 Qe7 13. c5 Bc6 14. cxd6 cxd6 15. Nd4 Rac8 16. Nxc6 Nxc6 17. Bc4+ Kh8 18. Ba3 Red8 19. Qd2 Ne8 20. Nd5 Qd7 21. Nf4 Nc7 22. Bxd6 Bf8 23. Qc3+ Bg7 24. Qd3 Qe8 25. Qc2 b5 26. Be2 a5 27. Bxc7 Rxd1 28. Rxd1 Rxc7 29. Bf3 Be5 30. Nd5 Rc8 31. Nb6 Rc7 32. Qd2 Nb8 33. g3 Bc3 34. Qd8 Qxd8 35. Rxd8+ Kg7 36. Rxb8 Be5 37. Rd8 Kh6 38. Rd5 Rc1+ 39. Kg2 Bg7 40. Nd7 Rc2 41. a4 bxa4 42. bxa4 Rc7 43. Ne5 Re7 44. Nd3 Rc7 45. Rxa5 1-0